Svensk Fotboll - Alla lag i de två högsta divisionerna - Statistics

General Stats
  • This quiz has been taken 98 times
  • The average score is 22 of 32
Answer Stats
Allsvenskan % Correct
AIK
95%
Djurgården
92%
Göteborg
92%
Malmö
92%
Hammarby
90%
Häcken
88%
Kalmar
85%
Brommapojkarna
82%
Öster
81%
Örebro
79%
Elfsborg
78%
GAIS
78%
Halmstad
78%
Helsingborg
78%
Mjällby
78%
Norrköping
75%
Degerfors
74%
Sirius
74%
Östersund
70%
Sundsvall
70%
Örgryte
66%
Varberg
66%
Värnamo
64%
Västerås
64%
Utsikten
55%
Landskrona
52%
Trelleborg
52%
Brage
45%
Gefle
42%
Eskilstuna
40%
Skövde
36%
Jönköpings Södra
19%
No matching quizzes found
Score Distribution
Percent of People with Each Score
Percentile by Number Answered
Your Score History
You have not taken this quiz